000 00285 a2200133 4500
245 _aBusiness statistics in practice
_hText
020 _a9780071220651
100 _aBowerman
100 _aMurphee
100 _aO'Connell
650 _aStatistics
005 20191021095936.0
260 _c2011
084 _aNONE
999 _c12871
_d12871